Long One-Word Countries Quiz Stats

 Plays Quiz Updated Nov 1, 2015

Challenge
Share
Tweet
Embed
Score 0/6 Timer 02:00
13 Plays Today
% Correct
Turkmenistan
73.4%
Afghanistan
57.2%
Liechtenstein
53.9%
Netherlands
43.9%
Switzerland
42.5%
Philippines
37.5%

You're not logged in!

Compare scores with friends on all Sporcle quizzes.
Join for Free
OR
Log In

You Might Also Like...

Show Comments

Extras

Top Quizzes Today


Score Distribution

Your Account Isn't Verified!

In order to create a playlist on Sporcle, you need to verify the email address you used during registration. Go to your Sporcle Settings to finish the process.

Report this User

Report this user for behavior that violates our Community Guidelines.

Details: